000 00550nam a2200229Ia 4500
003 OSt
005 20221005124359.0
006 a|||||r|||| 00| 0
007 ta
008 221004b |||||||| |||| 00| 0 tam d
024 _a48811
037 _cTextual
040 _aCRL
_cCRL
_btam
041 _2tam
_atam
082 _aO31,1NJWx, K4
100 _aJwala Au.
_9632051
245 0 _aMudhal malar
260 _c1964
650 _aTAMIL POETRY
942 _hO31,1NJWx, K4
_cTEXL
_2cc
999 _c1050291
_d1050291